|
|
|
|
| LEADER |
00000nam0a2200000 4500 |
| 001 |
138519 |
| 005 |
20231031141458.0 |
| 035 |
|
|
|a (RuTPU)RU\TPU\book\150090
|
| 090 |
|
|
|a 138519
|
| 100 |
|
|
|a 20080526d1968 m y0rusy50 ca
|
| 101 |
0 |
|
|a rus
|
| 102 |
|
|
|a RU
|
| 105 |
|
|
|a af z 101zy
|
| 200 |
1 |
|
|a Геохимия осадочных пород и руд
|e материалы VII Всесоюзной литологической конференции 1965 г.
|f Академия наук СССР (АН СССР), Комиссия по осадочным породам и отделение наук о Земле
|
| 210 |
|
|
|a Москва
|c Наука
|d 1968
|
| 215 |
|
|
|a 443 с.
|c ил.
|
| 320 |
|
|
|a Библиография в конце докладов.
|
| 610 |
1 |
|
|a геохимия
|
| 610 |
1 |
|
|a осадочные породы
|
| 610 |
1 |
|
|a руды
|
| 610 |
1 |
|
|a рудные месторождения
|
| 610 |
1 |
|
|a сборники
|
| 675 |
|
|
|a 552.5.04
|v 3
|
| 712 |
1 |
0 |
|a Геохимия осадочных пород и руд
|b конференция
|d 7
|e Москва
|f 1965
|
| 712 |
0 |
2 |
|a Академия наук СССР (АН СССР)
|b Комиссия по осадочным породам и отделение наук о Земле
|2 stltpush
|3 (RuTPU)RU\TPU\col\722
|
| 801 |
|
1 |
|a RU
|b 63413507
|c 20080526
|g PSBO
|
| 801 |
|
2 |
|a RU
|b 63413507
|c 20091224
|g PSBO
|
| 942 |
|
|
|c BK
|